00713cam a22002053a 450000100060000000300060000600500170001200800410002904000150007004200070008505000070009224501880009926000290028750600300031651600200034665300410036670000290040783000290043685600420046540678PGUSA20140828083917.0120905s2012||||xxu|||||s|||||000 | eng d aPGUSAbeng adc 4aAG10aNotes and Queries, Vol. V, Number 117, January 24, 1852 :bA Medium of Inter-communication for Literary Men, Artists, Antiquaries, Genealogists, etc.h[electronic resource] /cVarious bProject Gutenberg,c2012 aPublic domain in the USA. aElectronic text aQuestions and answers -- Periodicals1 aBell, George,d1814-1890 0aProject Gutenbergv4067840uhttp://www.gutenberg.org/ebooks/40678